ISABELLE DAUNAIS, Les Grandes disparitions. Essai sur la mémoire du roman. Presses Universitaires de Vincennes. Coll. « L’imaginaire du texte », 2008. Un vol. de 130 p. (notice n° 1654885)

détails MARC
000 -LEADER
fixed length control field 01776cam a2200157 4500500
005 - DATE AND TIME OF LATEST TRANSACTION
control field 20260208010028.0
041 ## - LANGUAGE CODE
Language code of text/sound track or separate title fre
042 ## - AUTHENTICATION CODE
Authentication code dc
100 10 - MAIN ENTRY--PERSONAL NAME
Personal name Wolf, Nelly
Relator term author
245 00 - TITLE STATEMENT
Title ISABELLE DAUNAIS, Les Grandes disparitions. Essai sur la mémoire du roman. Presses Universitaires de Vincennes. Coll. « L’imaginaire du texte », 2008. Un vol. de 130 p.
260 ## - PUBLICATION, DISTRIBUTION, ETC.
Date of publication, distribution, etc. 2011.<br/>
500 ## - GENERAL NOTE
General note 25
520 ## - SUMMARY, ETC.
Summary, etc. Deleuze a révélé la modernité de Péguy, qu’il considère comme l’écrivain de l’absolue nouveauté. La plupart des textes qui traitent directement de Péguy chez le philosophe concernent la « répétition ». On peut même détecter un effet de « vue dans la lunette », comme si Deleuze n’avait lu que ce passage de Clio dans lequel l’auteur définit son concept de l’« Internel ». Pour cette raison, on a pu penser que Deleuze s’intéresse à la « pensée philosophique » de Péguy, et que celle-ci ne serait qu’« incarnée » par le style, de manière secondaire ou illustrative. Or Deleuze va plus loin : c’est bien en tant qu’écrivain, mais par-delà le style, qu’il appréhende Péguy, et c’est parce qu’il intègre le style à une démarche strictement littéraire, qu’il réussit à maintenir Péguy dans le domaine propre à la littérature : celui du paradoxe. Péguy devient alors un miroir du philosophe. À partir des écrits de l’essayiste, Deleuze fonde une expérience de l’événement, dont il lit l’incarnation dans le mouvement de mai 1968.
786 0# - DATA SOURCE ENTRY
Note Revue d'histoire littéraire de la France | 110 | 4 | 2011-02-24 | p. 989w-1015w | 0035-2411
856 41 - ELECTRONIC LOCATION AND ACCESS
Uniform Resource Identifier <a href="https://shs.cairn.info/revue-d-histoire-litteraire-de-la-france-2010-4-page-989w?lang=fr&redirect-ssocas=7080">https://shs.cairn.info/revue-d-histoire-litteraire-de-la-france-2010-4-page-989w?lang=fr&redirect-ssocas=7080</a>

Pas d'exemplaire disponible.

PLUDOC

PLUDOC est la plateforme unique et centralisée de gestion des bibliothèques physiques et numériques de Guinée administré par le CEDUST. Elle est la plus grande base de données de ressources documentaires pour les Étudiants, Enseignants chercheurs et Chercheurs de Guinée.

Adresse

627 919 101/664 919 101

25 boulevard du commerce
Kaloum, Conakry, Guinée

Réseaux sociaux

Powered by Netsen Group @ 2025